Pooh and Friends Quiz Stats

 Plays Quiz Updated Mar 17, 2020

     
Support Sporcle.
Go Orange.
Score 0/9 Timer 01:00
7 Plays Today
Character % Correct
Winnie-the-Pooh
96.2%
Tigger
92%
Piglet
90.2%
Roo
80.9%
Christopher Robin
79.6%
Rabbit
78.7%
Kanga
76.2%
Eeyore
75%
Owl
74.7%

From the Vault

WWE Triple Crown Champions

by kenweaver

Sports 10m
It takes a lot of work to win 3 (or more) separate world titles.
Remove Ads.
Support Sporcle.
Get the best of Sporcle when you Go Orange. This ad-free experience offers more features, more stats, and more fun while also helping to support Sporcle. Thank you for becoming a member.

Show Comments

Extras

Top Quizzes Today


Score Distribution

Your Account Isn't Verified!

In order to create a playlist on Sporcle, you need to verify the email address you used during registration. Go to your Sporcle Settings to finish the process.

Report this User

Report this user for behavior that violates our Community Guidelines.

Details: